Şarkiyat mecmuası.
محفوظ في:
مؤلفون مشاركون: ,
التنسيق: كتاب
اللغة:
Turkish
Ottoman Turkish
الموضوعات:
الوسوم: إضافة وسم
لا توجد وسوم, كن أول من يضع وسما على هذه التسجيلة!
رقم الطلب: ( J )PJ9 .I87
| LEADER | 01553namaa2200385 4500 | ||
|---|---|---|---|
| 001 | 17777 | ||
| 003 | OSt | ||
| 005 | 20201230104522.0 | ||
| 008 | 130303c19569999tu a g p 000 0 tur d | ||
| 952 | |0 0 |1 0 |2 lcc |3 V.1 |4 0 |7 1 |9 8994 |a ARCE |b ARCE |d 2020-12-30 |l 0 |o ( J )PJ9 .I87 |p 1012917 |r 2020-12-30 00:00:00 |w 2020-12-30 |y JL | ||
| 952 | |0 0 |1 0 |2 lcc |3 V.3 |4 0 |7 1 |9 56458 |a ARCE |b ARCE |d 2023-11-20 |l 0 |o ( J )PJ9 .I87 |p 1012918 |r 2023-11-20 00:00:00 |w 2023-11-20 |y JL | ||
| 952 | |0 0 |1 0 |2 lcc |3 V.4 |4 0 |7 1 |9 56459 |a ARCE |b ARCE |d 2023-11-20 |l 0 |o ( J )PJ9 .I87 |p 1012919 |r 2023-11-20 00:00:00 |w 2023-11-20 |y JL | ||
| 952 | |0 0 |1 0 |2 lcc |3 V.5 |4 0 |7 1 |9 56460 |a ARCE |b ARCE |d 2023-11-20 |l 0 |o ( J )PJ9 .I87 |p 1012920 |r 2023-11-20 00:00:00 |w 2023-11-20 |y JL | ||
| 999 | |c 17374 |d 17374 | ||
| 010 | |a 74647732 | ||
| 040 | |c ARCE Library | ||
| 041 | 0 | |a tur |a ota | |
| 043 | |a aw----- | ||
| 050 | 0 | 4 | |a ( J )PJ9 .I87 |
| 245 | 0 | 0 | |a Şarkiyat mecmuası. |
| 246 | 1 | |i issues for <2014-> also have title : |a Journal of Oriental Studies | |
| 264 | 1 | |a Ankara : |b Türk Tarih Kurumu Basımevi. | |
| 300 | |a volumes : |b illustrations ; |c 26 cm. | ||
| 310 | |a Semiannual | ||
| 336 | |a text |b txt |2 rdacontent | ||
| 337 | |a unmediated |b n |2 rdamedia | ||
| 338 | |a volume |b nc |2 rdacarrier | ||
| 362 | 1 | |a Began with: 1, published in 1956. | |
| 500 | |a v.1(1956); 3-5. | ||
| 546 | |a Some articles in Ottoman Turkish. | ||
| 651 | 0 | |a Middle East |v Periodicals. | |
| 710 | 2 | |a İstanbul Üniversitesi. |b Şarkiyat Enstitüsü. | |
| 710 | 2 | |a İstanbul Üniversitesi. |b Edebiyat Fakültesi. | |
| 901 | |a reviewed | ||
| 942 | |c JL |2 lcc | ||
